| 000 | 00733nam a2200241 a 4500 | ||
|---|---|---|---|
| 001 | BRL_1584 | ||
| 005 | 20190320211256.0 | ||
| 008 | 190314s1950----u--a######---#000-0#eng-# | ||
| 041 | _aeng | ||
| 044 | _au | ||
| 050 | 4 |
_aF1221.O6 _b.J64 1950 |
|
| 100 | 1 |
_aJohnson, Jean B. _927357 |
|
| 245 | 1 | 0 |
_aThe opata _ban inland tribe of Sonora _cJean B. Johnson. |
| 260 |
_aAlbuquerque _bThe University of New Mexico _c1950 |
||
| 300 |
_a50 p. _bil., 3 láminas _c23 cm. |
||
| 440 | 0 |
_aUniversity od New Mexico Publications in Anthropology _v6 _927358 |
|
| 500 | _aAu2074 | ||
| 504 | _aBibliografía: p. 48-50. | ||
| 650 | 1 | 4 |
_aOpata _927359 |
| 650 | 1 | 4 |
_aIndígenas de México _xHistoria _zSonora _927360 |
| 902 | _aGRL | ||
| 942 |
_2lcc _cB |
||
| 999 |
_c10393 _d10393 |
||